000 00625nam a22002057a 4500
003 OSt
005 20160816140532.0
008 160816b xxu||||| |||| 00| 0 eng d
020 _a9780323034548
040 _c040a
082 _aWB 50
_bW151i 2007
245 _aImmigrant medicine /
_cPatricia Frye Walker, Elizabeth D. Barnett
260 _aPhiladelphia
_bSaunders Elsevier
_c2007
300 _axv, 765p;
_bcol.ill :
_c25 cm.
504 _aIncludes bibliographical references and index
650 _aMedicine
_9324
700 _aWalker, Patricia Fyre
_910693
700 _aBarnett, Elizabeth D.
_910694
942 _2z
_cO_SHELF
999 _c4997
_d4997